|
|
|
|
| LEADER |
00000nam a22000007a 4500 |
| 005 |
20210902123623.0 |
| 007 |
cr|||| ||||| |
| 008 |
210902s2005 ca |||||s|||| 00||0 eng d |
| 020 |
|
|
|a 9781459314375
|
| 035 |
|
|
|a 35344
|
| 040 |
|
|
|a vLex
|
| 090 |
|
|
|c 12204
|d 12204
|
| 100 |
1 |
|
|a McCamus, John D.
|
| 245 |
1 |
3 |
|a The Law of Contracts
|h [Recurso electrn̤ico] /
|c John D. McCamus
|
| 256 |
|
|
|a Servicio en ln̕ea
|
| 260 |
|
|
|a Toronto:
|b Irwin Law Inc.,
|c 2005
|
| 300 |
|
|
|a 1 recurso electrn̤ico
|
| 506 |
1 |
|
|a Disponible solo en los productos indicados
|d vLex Global
|d vLex Global (Academic Edition, excluding Law Schools)
|d vLex Global (U.S. Academic Edition, Law Schools)
|d vLex Global (U.S. Academic Edition, excluding Law Schools)
|d vLex Global (Academic Edition, Law Schools)
|
| 650 |
0 |
4 |
|a Arbitraje
|z Canad̀
|
| 740 |
0 |
|
|a vLex Libros (Servicio en ln̕ea)
|
| 856 |
4 |
0 |
|u https://app.vlex.com/#/sources/35344
|z Acceso restringido
|
| 942 |
|
|
|c BOOK
|
| 999 |
0 |
|
|a Arbitration
|